00465pab a2200157 454500008004000000100002900040245006900069260000900138300001300147362001100160650003600171650003600207650001400243700001600257773003400273180718b2013 xxu||||| |||| 00| 0 eng d aBhattacharyya, Dwaipayan aWest Bengal Panchayat elections: What does it mean for the left? c2013 ap.10-13. a14 Sep aElections - India - West Bengal aPanchayat - India - West Bengal aPanchayat aRana, Kumar aEconomic and Political Weekly